000 00863nam a2200253Ia 4500
003 GCL
008 140319s9999 xx 000 0 ara d
040 _aGCL /
_cGCL
082 0 4 _a370.732
_bح م
100 1 _aمحمد امين المفتى (مترجم)
245 1 0 _aالمناهج: مفهومها, اسسها, عناصرها تنظيماتها /
_cمحمد امين المفتى (مترجم)
700 1 _aحلمى احمد الوكيل
260 _a[S.N] :
_bمكتبة الانجلوالمصرية ،
_c1993
300 _a452 ص
490 _a
650 0 4 _aطرق التدريس
650 0 4 _aالتعليم
650 0 4 _aالتربية
650 0 4 _aالمناهج
650 0 4 _aالاختبارات
650 0 4 _aالاختبارات والقياسات التعليمية
650 0 4 _aالتربية والتعليم
942 _2ddc
_cBK
999 _c34517
_d34517